01005nam a2200229 a 450000100100000000500170001000800410002704000250006808200200009310000400011324500510015326000400020430000200024459000260026465000280029065000310031891000390034995201320038895201230052095201170064399900150076000000948020240412074211.0090930s2005 dr 000 0 spa d aDO-SdBNPbspacBNPHU aRD861.44bA644c1 aAponte Vicioso, Guillermo A.92428610aCosas del alma /cGuillermo A. Aponte Vicioso. aSanto Domingo :bFotomegraf,c2005. a48 p. ;c21 cm. aInventariado, 2018/VM 0aPoesía dominicana966 0aLiteratura dominicana.967 aValidado. Control de calidad BNPHU 001052708DSaGRbGRcHDd2009-09-30iLF1l0oRD861.44 A644cp9480-20r2020-06-25te. 3w2020-06-25yLFDSZPréstamo interno 0010718PDaPDbPDcHDd2009-09-30iLF1l0oRD861.44 A644cp9480-10r2020-06-25te. 2w2020-06-25yLFPDZNo se presta 0010718PDaPDbPDcHDd2009-09-30iLF1l0oRD861.44 A644cp9480-30r2020-06-25w2020-06-25yLFPDZNo se presta c9240d9240